WCPW Roster - Statistics

General Stats
  • This quiz has been taken 14 times
    8 since last reset
  • The average score is 28 of 61
Answer Stats
Name % Correct
Joe Coffey
100%
Johnny Moss
100%
Big Damo
83%
Cody Rhodes
83%
El Ligero
83%
Fake Ligero
83%
Gabriel Kidd
83%
Joe Hendry
83%
Lucas Archer
83%
Martin Kirby
83%
Travis Banks
83%
Trent Seven
83%
Tyler Bate
83%
Will Ospreay
83%
Alberto El Patron
67%
Alex Gracie
67%
BT Gunn
67%
Drake
67%
Jay Lethal
67%
Joseph Conners
67%
Liam Slater
67%
Mark Coffey
67%
Nixon Newell
67%
Paul Robinson
67%
Prince Ameen
67%
Rampage Brown
67%
Bad Bones
50%
Drew Galloway
50%
Kay Lee Ray
50%
Marty Scurll
50%
Primate
50%
Scott Wainwright
50%
Viper
50%
Adam Blampied
33%
Broken Matt Hardy
33%
Bully Ray
33%
Doug Williams
33%
El Drako
33%
Moose
33%
Noam Dar
33%
Pete Dunne
33%
Aron Stevens
17%
Bea Priestly
17%
El Hijo De Dos Caras
17%
El Hijo De Gracie
17%
Grado
17%
Kimber Lee
17%
Kurt Angle
17%
Lana Austin
17%
Minoru Suzuki
17%
Zack Sabre Jr.
17%
Alex Windsor
0%
Conner
0%
El Desperado
0%
Ethan Carter III
0%
Joe Biggs
0%
Katarina Leigh
0%
Little Miss Roxxy
0%
Mitchell Myers
0%
Ryan Mercer
0%
Stan Kellitt
0%
No matching quizzes found
Score Distribution
Percent of People with Each Score
Percentile by Number Answered
Your Score History
You have not taken this quiz since the last reset